[Event "TUR-chT2"]
[Site "Konya"]
[Date "2017.07.10"]
[Round "3.24"]
[White "Bayram, Mesut"]
[Black "Atila, Furkan Omer"]
[Result "1-0"]
[WhiteElo "1554"]
[BlackElo "1195"]
[PlyCount "60"]
[EventDate "2017.07.09"]
[EventType "team-swiss"]
[EventRounds "9"]
[EventCountry "TUR"]
[SourceTitle "CBM 179 Extra"]
[Source "ChessBase"]
[SourceDate "2017.08.23"]
[SourceVersion "1"]
[SourceVersionDate "2017.08.23"]
[SourceQuality "1"]
[WhiteTeam "Amasya Oguz Ata"]
[BlackTeam "Harput Genclik"]
[WhiteTeamCountry "TUR"]
[BlackTeamCountry "TUR"]

1. e4 e5 2. Nf3 Nc6 3. Bc4 h6 4. 0-0 Nf6 5. c3 d6 6. d4 Bg4 7. Qb3 Na5 8. Bxf7+ Ke7 9. Qa4 Kxf7 10. Qxa5 Bxf3 11. gxf3 Nh5 12. Qd5+ Ke8 13. dxe5 Qh4 14. Qe6+ Qe7 15. Qg4 Qxe5 16. f4 Nxf4 17. Bxf4 Qf6 18. e5 dxe5 19. Qh5+ Kd7 20. Rd1+ Ke6 21. Bg3 Bd6 22. Nd2 g6 23. Qg4+ Qf5 24. Qc4+ Ke7 25. Ne4 Rac8 26. Nxd6 cxd6 27. Qd5 Rc6 28. f4 exf4 29. Qxf5 gxf5 30. Bxf4 Rg8+ 1-0